<?xml version="1.0" encoding="UTF-8"?><?xml-stylesheet type="text/xsl" href="static/style.xsl"?><OAI-PMH xmlns="http://www.openarchives.org/OAI/2.0/" xmlns:xsi="http://www.w3.org/2001/XMLSchema-instance" xsi:schemaLocation="http://www.openarchives.org/OAI/2.0/ http://www.openarchives.org/OAI/2.0/OAI-PMH.xsd"><responseDate>2026-04-18T05:56:19Z</responseDate><request verb="GetRecord" identifier="oai:www.recercat.cat:2445/98051" metadataPrefix="marc">https://recercat.cat/oai/request</request><GetRecord><record><header><identifier>oai:recercat.cat:2445/98051</identifier><datestamp>2025-12-04T19:38:22Z</datestamp><setSpec>com_2072_1057</setSpec><setSpec>col_2072_478813</setSpec><setSpec>col_2072_478917</setSpec></header><metadata><record xmlns="http://www.loc.gov/MARC21/slim" xmlns:dcterms="http://purl.org/dc/terms/" xmlns:xsi="http://www.w3.org/2001/XMLSchema-instance" xmlns:doc="http://www.lyncode.com/xoai" xsi:schemaLocation="http://www.loc.gov/MARC21/slim http://www.loc.gov/standards/marcxml/schema/MARC21slim.xsd">
   <leader>00925njm 22002777a 4500</leader>
   <datafield ind2=" " ind1=" " tag="042">
      <subfield code="a">dc</subfield>
   </datafield>
   <datafield ind2=" " ind1=" " tag="720">
      <subfield code="a">Para, B. V. (Bianca Veronica)</subfield>
      <subfield code="e">author</subfield>
   </datafield>
   <datafield ind2=" " ind1=" " tag="720">
      <subfield code="a">Núñez Burcio, Oscar</subfield>
      <subfield code="e">author</subfield>
   </datafield>
   <datafield ind2=" " ind1=" " tag="720">
      <subfield code="a">Moyano Morcillo, Encarnación</subfield>
      <subfield code="e">author</subfield>
   </datafield>
   <datafield ind2=" " ind1=" " tag="720">
      <subfield code="a">Galcerán Huguet, M. Teresa</subfield>
      <subfield code="e">author</subfield>
   </datafield>
   <datafield ind2=" " ind1=" " tag="260">
      <subfield code="c">2016-04-29T11:18:30Z</subfield>
   </datafield>
   <datafield ind2=" " ind1=" " tag="260">
      <subfield code="c">2016-04-29T11:18:30Z</subfield>
   </datafield>
   <datafield ind2=" " ind1=" " tag="260">
      <subfield code="c">2006-05-30</subfield>
   </datafield>
   <datafield ind2=" " ind1=" " tag="260">
      <subfield code="c">2016-04-29T11:18:36Z</subfield>
   </datafield>
   <datafield ind2=" " ind1=" " tag="520">
      <subfield code="a">Conditions for the separation and determination of benzalkonium chloride (BAC) homologues by CE with UV-detection and CE coupled to MS (IT) using electrospray as ionization source were established. The separation was performed using fused-silica capillaries of 50 μm id and 100 mM acetic acid-ammonium acetate buffer solution at pH 4.5 with 80% of ACN as carrier electrolyte. CE-MS coupling parameters were optimized and methanol-10 mM acetic acid (90:10 v/v) was selected as sheath liquid. Detection limits, based on an S/N of 3:1, were calculated, and values between 0.8 and 1.3 mg/L with CE-ESI/MS and around 0.5 mg/L with CE-ESI-MS/MS, using hydrodynamic injection (15 s, 3.5 kPa), were obtained. Good run-to-run and day-to-day precisions on concentration were achieved with RSDs lower than 8%. Quantitative analysis was carried out by the internal standard method and the calibration curves showed good linearities (r2>0.98). The CE-ESI-MS/MS method was successfully applied to the analysis of BAC in different ophthalmic solutions, allowing the direct determination, identification and confirmation of the BAC homologues presented in these samples.</subfield>
   </datafield>
   <datafield tag="653" ind2=" " ind1=" ">
      <subfield code="a">Electroforesi capil·lar</subfield>
   </datafield>
   <datafield tag="653" ind2=" " ind1=" ">
      <subfield code="a">Capillary electrophoresis</subfield>
   </datafield>
   <datafield ind2="0" ind1="0" tag="245">
      <subfield code="a">Análisis of Benzalkonium chloride by capillary electrophoresis-electrospray-Tandem mass spectrometry</subfield>
   </datafield>
</record></metadata></record></GetRecord></OAI-PMH>